<?xml version="1.0" encoding="UTF-8"?><?xml-stylesheet type="text/xsl" href="static/style.xsl"?><OAI-PMH xmlns="http://www.openarchives.org/OAI/2.0/" xmlns:xsi="http://www.w3.org/2001/XMLSchema-instance" xsi:schemaLocation="http://www.openarchives.org/OAI/2.0/ http://www.openarchives.org/OAI/2.0/OAI-PMH.xsd"><responseDate>2026-04-28T21:35:20Z</responseDate><request verb="GetRecord" identifier="oai:repisalud.isciii.es:20.500.12105/5397" metadataPrefix="marc">https://repisalud.isciii.es/rest/oai/request</request><GetRecord><record><header><identifier>oai:repisalud.isciii.es:20.500.12105/5397</identifier><datestamp>2024-10-31T11:40:09Z</datestamp><setSpec>com_20.500.12105_19604</setSpec><setSpec>com_20.500.12105_2051</setSpec><setSpec>col_20.500.12105_19605</setSpec></header><metadata><record xmlns="http://www.loc.gov/MARC21/slim" xmlns:dcterms="http://purl.org/dc/terms/" xmlns:doc="http://www.lyncode.com/xoai" xmlns:xsi="http://www.w3.org/2001/XMLSchema-instance" xsi:schemaLocation="http://www.loc.gov/MARC21/slim http://www.loc.gov/standards/marcxml/schema/MARC21slim.xsd">
   <leader>00925njm 22002777a 4500</leader>
   <datafield ind2=" " ind1=" " tag="042">
      <subfield code="a">dc</subfield>
   </datafield>
   <datafield ind2=" " ind1=" " tag="720">
      <subfield code="a">Saravia, Gabriela</subfield>
      <subfield code="e">author</subfield>
   </datafield>
   <datafield ind2=" " ind1=" " tag="720">
      <subfield code="a">Civeira, Fernando</subfield>
      <subfield code="e">author</subfield>
   </datafield>
   <datafield ind2=" " ind1=" " tag="720">
      <subfield code="a">Hurtado-Roca, Yamilee</subfield>
      <subfield code="e">author</subfield>
   </datafield>
   <datafield ind2=" " ind1=" " tag="720">
      <subfield code="a">Andrés, Eva</subfield>
      <subfield code="e">author</subfield>
   </datafield>
   <datafield ind2=" " ind1=" " tag="720">
      <subfield code="a">Leon, Montserrat</subfield>
      <subfield code="e">author</subfield>
   </datafield>
   <datafield ind2=" " ind1=" " tag="720">
      <subfield code="a">Pocovi, Miguel</subfield>
      <subfield code="e">author</subfield>
   </datafield>
   <datafield ind2=" " ind1=" " tag="720">
      <subfield code="a">Ordovas, Jose M</subfield>
      <subfield code="e">author</subfield>
   </datafield>
   <datafield ind2=" " ind1=" " tag="720">
      <subfield code="a">Guallar, Eliseo</subfield>
      <subfield code="e">author</subfield>
   </datafield>
   <datafield ind2=" " ind1=" " tag="720">
      <subfield code="a">Fernandez-Ortiz, Antonio</subfield>
      <subfield code="e">author</subfield>
   </datafield>
   <datafield ind2=" " ind1=" " tag="720">
      <subfield code="a">Casasnovas, Jose Antonio</subfield>
      <subfield code="e">author</subfield>
   </datafield>
   <datafield ind2=" " ind1=" " tag="720">
      <subfield code="a">Laclaustra, Martin</subfield>
      <subfield code="e">author</subfield>
   </datafield>
   <datafield ind2=" " ind1=" " tag="260">
      <subfield code="c">2015</subfield>
   </datafield>
   <datafield ind2=" " ind1=" " tag="520">
      <subfield code="a">Background and Aims&#xd;
Glycated hemoglobin (HbA1c) is currently used to diagnose diabetes&#xd;
mellitus, while insulin has been relegated to research. Both, however,&#xd;
may help understanding the metabolic syndrome and profiling patients. We&#xd;
examined the association of HbA1c and fasting insulin with clustering of&#xd;
metabolic syndrome criteria and insulin resistance as two essential&#xd;
characteristics of the metabolic syndrome.&#xd;
Methods&#xd;
We used baseline data from 3200 non-diabetic male participants in the&#xd;
Aragon Workers' Health Study. We conducted analysis to estimate&#xd;
age-adjusted odds ratios (ORs) across tertiles of HbA1c and insulin.&#xd;
Fasting glucose and Homeostatic model assessment - Insulin Resistance&#xd;
were used as reference. Here we report the uppermost-to-lowest tertile&#xd;
ORs (95\% CI).&#xd;
Results&#xd;
Mean age (SD) was 48.5 (8.8) years and 23\% of participants had&#xd;
metabolic syndrome. The ORs for metabolic syndrome criteria tended to be&#xd;
higher across HbA1c than across glucose, except for high blood pressure.&#xd;
Insulin was associated with the criteria more strongly than HbA1c and&#xd;
similarly to Homeostatic model assessment - Insulin Resistance&#xd;
(HOMA-IR). For metabolic syndrome, the OR of HbA1c was 2.68, of insulin,&#xd;
11.36, of glucose, 7.03, and of HOMA-IR, 14.40. For the clustering of 2&#xd;
or more non-glycemic criteria, the OR of HbA1c was 2.10, of insulin,&#xd;
8.94, of glucose, 1.73, and of HOMA-IR, 7.83. All ORs were statistically&#xd;
significant. The areas under the receiver operating characteristics&#xd;
curves for metabolic syndrome were 0.670 (across HbA1c values) and 0.770&#xd;
(across insulin values), and, for insulin resistance, 0.647 (HbA1c) and&#xd;
0.995 (insulin). Among non-metabolic syndrome patients, a small insulin&#xd;
elevation identified risk factor clustering.&#xd;
Conclusions&#xd;
HbA1c and specially insulin levels were associated with metabolic&#xd;
syndrome criteria, their clustering, and insulin resistance. Insulin&#xd;
could provide early information in subjects prone to develop metabolic&#xd;
syndrome.</subfield>
   </datafield>
   <datafield ind1="8" ind2=" " tag="024">
      <subfield code="a">PLoS One. 2015; 10(8):e0132244</subfield>
   </datafield>
   <datafield ind1="8" ind2=" " tag="024">
      <subfield code="a">1932-6203</subfield>
   </datafield>
   <datafield ind1="8" ind2=" " tag="024">
      <subfield code="a">http://hdl.handle.net/20.500.12105/5397</subfield>
   </datafield>
   <datafield ind1="8" ind2=" " tag="024">
      <subfield code="a">26241903</subfield>
   </datafield>
   <datafield ind1="8" ind2=" " tag="024">
      <subfield code="a">10.1371/journal.pone.0132244</subfield>
   </datafield>
   <datafield ind1="8" ind2=" " tag="024">
      <subfield code="a">PLoS One</subfield>
   </datafield>
   <datafield tag="653" ind2=" " ind1=" ">
      <subfield code="a">CARDIOVASCULAR RISK</subfield>
   </datafield>
   <datafield tag="653" ind2=" " ind1=" ">
      <subfield code="a">DIABETES-MELLITUS</subfield>
   </datafield>
   <datafield tag="653" ind2=" " ind1=" ">
      <subfield code="a">RESISTANCE</subfield>
   </datafield>
   <datafield tag="653" ind2=" " ind1=" ">
      <subfield code="a">ADULTS</subfield>
   </datafield>
   <datafield tag="653" ind2=" " ind1=" ">
      <subfield code="a">HYPERINSULINEMIA</subfield>
   </datafield>
   <datafield tag="653" ind2=" " ind1=" ">
      <subfield code="a">ASSOCIATION</subfield>
   </datafield>
   <datafield tag="653" ind2=" " ind1=" ">
      <subfield code="a">DISEASE</subfield>
   </datafield>
   <datafield tag="653" ind2=" " ind1=" ">
      <subfield code="a">GLUCOSE</subfield>
   </datafield>
   <datafield tag="653" ind2=" " ind1=" ">
      <subfield code="a">A1C</subfield>
   </datafield>
   <datafield tag="653" ind2=" " ind1=" ">
      <subfield code="a">SENSITIVITY</subfield>
   </datafield>
   <datafield ind2="0" ind1="0" tag="245">
      <subfield code="a">Glycated Hemoglobin, Fasting Insulin and the Metabolic Syndrome in&#xd;
Males. Cross-Sectional Analyses of the Aragon Workers' Health Study&#xd;
Baseline</subfield>
   </datafield>
</record></metadata></record></GetRecord></OAI-PMH>